书目信息 |
| 题名: |
林语堂:文化转型的人格符号
|
|
| 作者: | 施萍 著 | |
| 分册: | ||
| 出版信息: | 北京 北京大学出版社 2005 |
|
| 页数: | 14,255页 | |
| 开本: | 24cm | |
| 丛书名: | 百年学案典藏书系 | |
| 单 册: | ||
| 中图分类: | K825.6=73 | |
| 科图分类: | ||
| 主题词: | ||
| 电子资源: | ||
| ISBN: | 7-301-10067-1 | |
| 000 | 00936oam2 2200265 450 | |
| 001 | 012007469449 | |
| 005 | 20070523092416.76 | |
| 010 | @a7-301-10067-1@dCNY29.00 | |
| 100 | @a20070515d2005 km y0chiy0120 ea | |
| 101 | 0 | @achi |
| 102 | @aCN@b110000 | |
| 105 | @ac z 000yd | |
| 106 | @ar | |
| 200 | 1 | @a林语堂:文化转型的人格符号@Alin yu tang:wen hua zhuan xing de ren ge fu hao@f施萍著@Fshi ping zhu |
| 210 | @a北京@c北京大学出版社@d2005 | |
| 215 | @a14,255页@c照片@d24cm | |
| 225 | 2 | @a百年学案典藏书系@h第一辑 |
| 330 | @a本书是一部着重研究林语堂文化人格的专著。它把林语堂的人格看做中国文化转型在个体层面的完成时形态,从价值根基、自由原则、“国粹”情调、幽默文化等层面进行剖析。 | |
| 461 | 0 | @12001 @a百年学案典藏书系 |
| 600 | 0 | @a林语堂@f(1895~1976)@x人物研究 |
| 600 | 0 | @a林语堂@f(1895~1976) |
| 690 | @aK825.6=73@v4 | |
| 701 | 0 | @a施萍@Ashi ping@4著 |
| 801 | 0 | @aCN@bRULIN@c20070523 |
| 905 | @dK825.6=73@e232SP@s8 | |
| 林语堂:文化转型的人格符号/施萍著.-北京:北京大学出版社,2005 |
| 14,255页:照片;24cm.-(百年学案典藏书系.第一辑) |
| ISBN 7-301-10067-1:CNY29.00 |
| 本书是一部着重研究林语堂文化人格的专著。它把林语堂的人格看做中国文化转型在个体层面的完成时形态,从价值根基、自由原则、“国粹”情调、幽默文化等层面进行剖析。 |
| ● |
| 相关链接 |
|
|
|
|
正题名:林语堂:文化转型的人格符号
索取号:K825.6=73/232SP
 
预约/预借
| 序号 | 登录号 | 条形码 | 馆藏地/架位号 | 状态 | 备注 |
| 1 | 0576614 | 205766143 | 第二样本阅览室/ [索取号:K825.6=73/232SP] | 在馆 | |
| 2 | 0576615 | 205766152 | 第二借阅区/ [索取号:K825.6=73/232SP] | 在馆 | |
| 3 | 0576616 | 205766161 | 第二借阅区/ [索取号:K825.6=73/232SP] | 在馆 | |
| 4 | 0576617 | 205766170 | 密集书库/ [索取号:K825.6=73/232SP] | 在馆 | |
| 5 | 0576618 | 205766189 | 第二借阅区/ [索取号:K825.6=73/232SP] | 在馆 | |
| 6 | 0576619 | 205766198 | 密集书库/ [索取号:K825.6=73/232SP] | 在馆 | |
| 7 | 0576620 | 205766205 | 密集书库/ [索取号:K825.6=73/232SP] | 在馆 | |
| 8 | 0576621 | 205766214 | 第二借阅区/ [索取号:K825.6=73/232SP] | 在馆 |